キリスト教が最大勢力の国家サドンデス - Statistics

General Stats
  • This quiz has been taken 409 times
  • The average score is 4 of 17
Answers on the Grid
Answers color-coded by a green-red scale on the quiz's grid according to % correct below.
アメリカ
フランス
イタリア
ギリシャ
チェコ
フィンランド
ナミビア
アンゴラ
フィリピン
マダガスカル
ニュージーランド
パプアニューギニア
ロシア
カザフスタン
パキスタン
ミャンマー
サモア
インドネシア
大韓民国
メキシコ
アルゼンチン
モルディブ
オマーン
アゼルバイジャン
モルドバ
モーリタニア
ガーナ
ジブチ
レソト
モガディシュ
ドドマ
 
Answer Stats
Answer % Correct
イタリア
58%
アメリカ
56%
フランス
52%
ロシア
49%
ギリシャ
41%
フィンランド
32%
フィリピン
30%
アルゼンチン
24%
メキシコ
22%
モルドバ
7%
サモア
5%
ガーナ
5%
アンゴラ
4%
パプアニューギニア
4%
レソト
4%
マダガスカル
3%
ナミビア
1%
No matching quizzes found
Score Distribution
Percent of People with Each Score
Percentile by Number Answered
Your Score History
You have not taken this quiz